|
|
|
|
| LEADER |
00852nam a2200217 a 4500 |
| 001 |
00025102 |
| 008 |
120531r20122005enka j 000 1 eng |
| 020 |
|
|
|a 9780194400787
|
| 040 |
|
|
|a BD-DhAAL
|c BD-DhAAL
|
| 082 |
0 |
4 |
|a 428.6
|
| 100 |
1 |
|
|a Taylor, Di
|
| 245 |
1 |
0 |
|a A day with Baby /
|c Di Taylor ;[illustrated by Arlene Adams].
|
| 260 |
|
|
|a Oxford :
|b Oxford University Press,
|c 2005.[reprinted 2012]
|
| 300 |
|
|
|a 18 p. :
|b col. ill. ;
|c 21cm.
|
| 490 |
0 |
|
|a Dolphin readers ;
|v Starter Level
|
| 541 |
1 |
|
|e 00025102
|
| 650 |
|
0 |
|a Readers (Elementary)
|
| 700 |
1 |
|
|a Adams, Arlene .
|
| 852 |
1 |
|
|a Ayesha Abed library
|c General Shelf
|
| 999 |
|
|
|c 12278
|d 12278
|
| 952 |
|
|
|0 0
|1 0
|2 ddc
|4 0
|6 428_600000000000000_TAY
|7 0
|9 20335
|a BRACUL
|b BRACUL
|c GEN
|d 2012-05-31
|e Karim International
|l 0
|o 428.6 TAY
|p 3010025102
|r 2012-05-31
|t 1
|w 2012-05-31
|y BK
|x Transferred from BIL to BRACUL on 06/06/22
|